Journal of agricultural, biological, and environmental statistics

Enregistré dans:
Détails bibliographiques
Format: Publication en série
Langue:anglais
Publié: Alexandria ASA 1997
Sujets:
Tags: Ajouter un tag
Pas de tags, Soyez le premier à ajouter un tag!

MARC

LEADER 00000nas2a2200000 4500
001 s121672
005 20221221070627.7
022 |a 1085-7117 
041 0 |a eng 
044 |a US 
245 1 0 |a Journal of agricultural, biological, and environmental statistics 
264 1 |a Alexandria  |b ASA  |c 1997 
300 |a 1 zv. 
500 |a Chýba č. 1 
773 0 |w eu_un_cat*s120103 
610 2 0 |a štatistika 
610 2 0 |a poľnohospodárstvo 
610 2 0 |a biológia 
610 2 0 |a biometrika 
610 2 0 |a prostredie životné